V dobré náladě polka /

Hlavní autor: Kubeš, Ladislav, 1949-
Jazyk: Čeština
Vydáno: Praha : Kubešovo hudební vydavatelství , [2008]
Témata:
Fyzický popis: 19 hlasů ; 30 cm
Hudebniny Hudebniny
Uloženo v:
LEADER 01286ncm a2200361 a 4500
001 000923122
003 CZ BrMZK
005 20160923082459.0
007 qu
008 081125s2008 xr muzdg nn cze d
024 2 |a M-66055-444-9 
024 2 |a M-66055-443-2 
028 2 1 |a Kubešovo hudební vydavatelství  |b 20-0054 
040 |a BOA001  |b cze 
047 |a df  |a zz 
048 |a of01 
072 7 |a 785  |x Instrumentální hudba. Symfonická hudba. Hudba pro více nástrojů  |2 Konspekt  |9 9 
080 |a 785.12.085.2  |2 MRF 
080 |a 785.12  |2 MRF 
080 |a 78.087  |2 MRF 
100 1 |a Kubeš, Ladislav,  |d 1949-  |7 xx0007404  |4 cmp 
245 1 0 |a V dobré náladě  |h [hudebnina] :  |b polka /  |c Ladislav Kubeš.^^Záhorácká sousedská / Ladislav Kubeš 
260 |a Praha :  |b Kubešovo hudební vydavatelství ,  |c [2008] 
300 |a 19 hlasů ;  |c 30 cm 
650 0 7 |a polky (dechový orchestr)  |7 ph451021  |2 czenas 
650 0 4 |a sousedské (dechový orchestr) 
650 0 7 |a dechová hudba  |7 ph119353  |z Česko  |y 20.-21. stol.  |2 czenas 
655 7 |a hlasy  |7 fd186703  |2 czenas 
740 0 2 |a Záhorácká sousedská 
910 |a BOA001  |b Mus4-1211.723 
990 |a MU 
991 |b 200812  |c NOV 
996 6 |b 2610360626  |c Mus4-1211.723  |l MZK  |r Sklad / do 1 hodiny  |n 2  |w 000923122  |u 000010  |a 1  |e BOA001  |j MZK50  |s P